00463nam a2200157Ia 450000500170000000800410001708200130005810000140007124500360008526000420012130000120016365000100017594200060018595200990019199900150029020250509073517.0240331s9999 xx 000 0 und d bDEVa894 aRevathi,K 0aPoonaiyaippola alaiyum velicham aChennaibPanikkudam Pathippagamc2003 a64 p ., aPoems cL 001040708LaWERCLbWERCLcSSCd2024-03-31l0o 894.811 DEVp5975r2024-03-31w2024-03-31yL c4781d4781